000 00747nam a2200289Ia 4500
005 20260324150621.0
008 008 260324s9999 xx 000 0 eng d
020 _a9781315763378
037 _aEBOOK
040 _aCRL
040 _beng
040 _cCRL
041 _2eng
041 _aeng
084 _qCRL
100 _aWerner Stark
_91189921
245 0 _aSocial Theory and Christian Thought (RLE Social Theory)
245 2 _bA study of some points of contact. Collected essays around a central theme
260 _bTaylor and Francis
260 _c1958
365 _a
365 _b230
856 _uhttp://www.taylorfrancis.com/books/9781315763378
942 _cEBOOK
999 _c1836797
_d1836797